00686nam a22001697a 4500003000900000008004100009040007100050082001700121100002900138245009400167260006300261300002500324505011300349650001300462650002400475650001700499AR-CdUCM190306b ||||| |||| 00| 0 spa d aMUNICIPALIDAD PROVINCIAL DEL CUSCOcBIBLIOTECA MUNICIPAL DEL CUSCO a373 /bSA161 aSalas Zamalloa, Hernando aLenguajebPara el primer año de secundaria de acuerdo con el programa oficial vigente / aCuzco :bEncuadernación de R. Rosalió Bocangel,c1963. a97 paginas ;c21 cm. aInstrucciones nociones i ejemplos para el desarrollo de las asignaciones -- Teoría gramatical i practicas. aLenguaje aTeoría gramatical aOrtografía